000 00645nam a2200181Ia 4500
008 100921s9999 xx 000 0 und d
082 _b22545
_a808.068 थ 89
100 _aकुसुमाग्रज (शिरवाडकर वि.वा.).
245 _aजाईचा कुंज.
260 _bढवळे केशव भिकाजी,मुंबई.
_c1989
300 _a24
_b---
365 _b5
520 _aललित-बालवाङ्रमय.
630 _aजाईचा कुंज.
650 _aललित-बालवाङ्रमय.
730 _aजाईचा कुंज.
942 _cBOOK
999 _c771658
_d771655